Análisis y solución de supuestos de contabilidad superior / (Record no. 63021)

MARC details
000 -LEADER
campo de control de longitud fija 00903nam a2200217 i 4500
001 - NÚMERO DE CONTROL
campo de control 63021
003 - IDENTIFICADOR DE NÚMERO DE CONTROL
campo de control ES-MaACL
005 - FECHA Y HORA DE LA ÚLTIMA TRANSACCIÓN
campo de control 20230906164753.0
007 - CAMPO FIJO DE DESCRIPCIÓN FÍSICA--INFORMACIÓN GENERAL
campo de control de longitud fija t|
008 - DATOS DE LONGITUD FIJA--INFORMACIÓN GENERAL
campo de control de longitud fija 031127m19561961sp ||||1| spa d
100 1# - ENTRADA PRINCIPAL--NOMBRE DE PERSONA
Nombre de persona Fernández Peña, Enrique.
9 (RLIN) 49986
245 10 - MENCIÓN DEL TÍTULO
Título Análisis y solución de supuestos de contabilidad superior /
Mención de responsabilidad, etc. por Enrique Fernández Peña.
260 ## - PUBLICACIÓN, DISTRIBUCIÓN, ETC.
Lugar de publicación, distribución, etc. Madrid :
Nombre del editor, distribuidor, etc. [s.n.],
Fecha de publicación, distribución, etc. 1956-61 (
Fabricante Pablo López)
300 ## - DESCRIPCIÓN FÍSICA
Extensión 2 t. en 3 v. ;
Dimensiones 23 cm.
490 1# - MENCIÓN DE SERIE
Mención de serie Colección de estudios jurídicos, económicos y sociales
505 8# - NOTA DE CONTENIDO CON FORMATO
Nota de contenido con formato Contiene: T. I, V. I: Supuestos relacionados con los aspectos subjetivos de la empresa. -- T. I, V. II: Supuestos de caracter objetivos. -- T. II, V. III: Supuestos de oposiciones
650 04 - PUNTO DE ACCESO ADICIONAL DE MATERIA--TÉRMINO DE MATERIA
Término de materia o nombre geográfico como elemento de entrada Contabilidad.
9 (RLIN) 11307
830 0# - PUNTO DE ACCESO ADICIONAL DE SERIE-TÍTULO UNIFORME
Título uniforme Colección de estudios jurídicos, económicos y sociales
9 (RLIN) 218594
852 ## - LOCALIZACIÓN
Ubicación ES-MaACL
Número de control de estantería P-835
Holdings
Estatus retirado Estado de pérdida Estado de daño No para préstamo Biblioteca de origen Biblioteca actual Ubicación en estantería Fecha de adquisición Fuente de adquisición Total de préstamos Signatura topográfica completa Código de barras Visto por última vez Precio de reemplazo Tipo de ítem Koha
        Biblioteca del Ateneo de Madrid Biblioteca del Ateneo de Madrid Depósito 2 17/01/2008     P-835 1066069 23/02/2023 23/02/2023 Libro impreso